[Event "DEM U14w 2017"]
[Site "Willingen GER"]
[Date "2017.06.08"]
[Round "7"]
[White "Khamenya, Vitalia"]
[Black "Bui, Ngoc Han Julia"]
[Result "1/2-1/2"]
[Termination "normal"]
[Board "2"]
[WhiteElo "1814"]
[BlackElo "1794"]
[WhiteClock "00:17:26"]
[BlackClock "00:31:13"]
[PlyCount "85"]
[WhiteFideId "12959260"]
[BlackFideId "12977055"]
[EventCountry "GER"]
[EventRounds "9"]
[EventType "swiss"]
[EventDate "2017.06.03"]

1. d4 {[%clk 1:30:55]} 1... d5 {[%clk 1:30:57]} 2. e3 {[%clk 1:30:07]} 2... Nf6
{[%clk 1:31:07]} 3. Bd3 {[%clk 1:30:16]} 3... g6 {[%clk 1:31:16]} 4. Nd2 {
[%clk 1:30:04]} 4... Bg7 {[%clk 1:30:54]} 5. f4 {[%clk 1:28:30]} 5... O-O {
[%clk 1:29:54]} 6. Ngf3 {[%clk 1:26:24]} 6... Ne8 {[%clk 1:19:45]} 7. O-O {
[%clk 1:21:00]} 7... Nd6 {[%clk 1:15:11]} 8. c3 {[%clk 1:10:09]} 8... Bf5 {
[%clk 1:04:28]} 9. Qc2 {[%clk 1:07:55]} 9... Bxd3 {[%clk 1:01:25]} 10. Qxd3 {
[%clk 1:08:23]} 10... Nd7 {[%clk 0:59:23]} 11. e4 {[%clk 1:07:31]} 11... dxe4 {
[%clk 0:56:41]} 12. Nxe4 {[%clk 1:07:31]} 12... Nf6 {[%clk 0:52:12]} 13. Ng3 {
[%clk 1:03:53]} 13... e6 {[%clk 0:39:46]} 14. Ne5 {[%clk 1:02:19]} 14... Nd7 {
[%clk 0:39:29]} 15. Ne4 {[%clk 0:55:13]} 15... f6 {[%clk 0:37:01]} 16. Nxd7 {
[%clk 0:52:59]} 16... Qxd7 {[%clk 0:37:15]} 17. Nc5 {[%clk 0:52:24]} 17... Qf7
{[%clk 0:32:30]} 18. Re1 {[%clk 0:48:49]} 18... Rae8 {[%clk 0:30:29]} 19. Qh3 {
[%clk 0:44:19]} 19... f5 {[%clk 0:18:43]} 20. Be3 {[%clk 0:34:42]} 20... b6 {
[%clk 0:17:52]} 21. Nd3 {[%clk 0:34:14]} 21... Nc4 {[%clk 0:16:29]} 22. Re2 {
[%clk 0:32:09]} 22... Re7 {[%clk 0:11:49]} 23. Bf2 {[%clk 0:26:00]} 23... Bf6 {
[%clk 0:10:09]} 24. Bh4 {[%clk 0:25:04]} 24... Bxh4 {[%clk 0:09:55]} 25. Qxh4 {
[%clk 0:25:32]} 25... Qf6 {[%clk 0:07:05]} 26. Qxf6 {[%clk 0:23:47]} 26... Rxf6
{[%clk 0:07:34]} 27. Nb4 {[%clk 0:23:06]} 27... Rd7 {[%clk 0:04:37]} 28. Rae1 {
[%clk 0:21:58]} 28... a5 {[%clk 0:04:24]} 29. Nc6 {[%clk 0:17:02]} 29... Rd6 {
[%clk 0:02:38]} 30. Ne5 {[%clk 0:16:53]} 30... b5 {[%clk 0:03:04]} 31. Nd3 {
[%clk 0:13:25]} 31... Kf8 {[%clk 0:03:02]} 32. Nc5 {[%clk 0:13:25]} 32... Ke7 {
[%clk 0:03:24]} 33. g4 {[%clk 0:08:51]} 33... fxg4 {[%clk 0:02:05]} 34. Ne4 {
[%clk 0:08:53]} 34... Rxf4 {[%clk 0:02:28]} 35. Nxd6 {[%clk 0:09:10]} 35...
cxd6 {[%clk 0:02:29]} 36. Rxe6+ {[%clk 0:09:30]} 36... Kd7 {[%clk 0:02:19]} 37.
Re7+ {[%clk 0:08:02]} 37... Kc6 {[%clk 0:02:45]} 38. Rxh7 {[%clk 0:06:28]}
38... Nxb2 {[%clk 0:03:06]} 39. Rg7 {[%clk 0:01:42]} 39... b4 {[%clk 0:01:42]}
40. cxb4 {[%clk 0:01:02]} 40... axb4 {[%clk 0:01:32]} 41. Rc1+ {[%clk 0:30:07]}
41... Kd5 {[%clk 0:31:32]} 42. Rxg6 {[%clk 0:28:52]} 42... Rxd4 {[%clk 0:31:13]
} 43. Rg5+ {[%clk 0:17:26]} 1/2-1/2

[Event "DEM U14w 2017"]
[Site "Willingen GER"]
[Date "2017.06.08"]
[Round "7"]
[White "Schnabel, Luise"]
[Black "Berelowitsch, Dana"]
[Result "1/2-1/2"]
[Termination "normal"]
[Board "3"]
[WhiteElo "1661"]
[BlackElo "1646"]
[WhiteClock "00:01:16"]
[BlackClock "00:20:59"]
[PlyCount "60"]
[WhiteFideId "12943347"]
[BlackFideId "12977144"]
[EventCountry "GER"]
[EventRounds "9"]
[EventType "swiss"]
[EventDate "2017.06.03"]

1. e4 {[%clk 1:30:57]} 1... c5 {[%clk 1:30:56]} 2. Nf3 {[%clk 1:31:17]} 2... g6
{[%clk 1:31:19]} 3. d4 {[%clk 1:31:37]} 3... cxd4 {[%clk 1:31:44]} 4. Nxd4 {
[%clk 1:31:59]} 4... Bg7 {[%clk 1:32:07]} 5. Nc3 {[%clk 1:32:07]} 5... Nc6 {
[%clk 1:32:30]} 6. Nb3 {[%clk 1:32:16]} 6... Nf6 {[%clk 1:32:23]} 7. Be2 {
[%clk 1:32:14]} 7... O-O {[%clk 1:32:01]} 8. O-O {[%clk 1:32:26]} 8... a6 {
[%clk 1:29:16]} 9. Bg5 {[%clk 1:26:06]} 9... b5 {[%clk 1:28:08]} 10. a3 { [%clk
0:48:57]} 10... d6 {[%clk 1:26:38]} 11. f4 {[%clk 0:47:25]} 11... Bb7 { [%clk
1:23:48]} 12. Bf3 {[%clk 0:46:28]} 12... Re8 {[%clk 1:09:41]} 13. Kh1 { [%clk
0:42:20]} 13... Qb6 {[%clk 1:03:52]} 14. Re1 {[%clk 0:38:15]} 14... Rad8 {[%clk
1:02:11]} 15. Qd2 {[%clk 0:28:51]} 15... Ba8 {[%clk 0:52:30]} 16. Nd5 { [%clk
0:23:09]} 16... Qa7 {[%clk 0:50:47]} 17. Nxf6+ {[%clk 0:18:04]} 17... exf6
{[%clk 0:50:28]} 18. Bh4 {[%clk 0:18:00]} 18... a5 {[%clk 0:48:59]} 19. c3
{[%clk 0:14:06]} 19... a4 {[%clk 0:48:11]} 20. Nd4 {[%clk 0:13:14]} 20... Qa6 {
[%clk 0:32:51]} 21. Qd3 {[%clk 0:11:04]} 21... Nxd4 {[%clk 0:25:19]} 22. cxd4
22... Rb8 {[%clk 0:24:11]} 23. Rab1 {[%clk 0:05:06]} 23... Qb6 {[%clk 0:22:46]}
24. Bf2 {[%clk 0:03:57]} 24... Bh6 {[%clk 0:20:53]} 25. Be3 {[%clk 0:03:02]}
25... Qa5 {[%clk 0:19:37]} 26. Bd2 {[%clk 0:02:45]} 26... Qb6 {[%clk 0:19:43]}
27. Be3 {[%clk 0:01:32]} 27... Qa5 {[%clk 0:19:58]} 28. Bd2 {[%clk 0:01:19]}
28... Qb6 {[%clk 0:20:17]} 29. Be3 {[%clk 0:01:00]} 29... Qa5 {[%clk 0:20:37]}
30. Bd2 {[%clk 0:01:16]} 30... Qb6 {[%clk 0:20:59]} 1/2-1/2

[Event "DEM U14w 2017"]
[Site "Willingen GER"]
[Date "2017.06.08"]
[Round "7"]
[White "Garbuz, Nicole"]
[Black "Pavlov, Liliane"]
[Result "1-0"]
[Termination "normal"]
[Board "4"]
[WhiteElo "1598"]
[BlackElo "1479"]
[WhiteClock "00:02:54"]
[BlackClock "00:00:47"]
[PlyCount "77"]
[WhiteFideId "12990701"]
[BlackFideId "16225449"]
[EventCountry "GER"]
[EventRounds "9"]
[EventType "swiss"]
[EventDate "2017.06.03"]

1. Nf3 {[%clk 1:30:58]} 1... d5 {[%clk 1:30:00]} 2. g3 {[%clk 1:31:23]} 2...
Nc6 {[%clk 1:29:12]} 3. Bg2 {[%clk 1:30:51]} 3... Nf6 {[%clk 1:27:41]} 4. O-O {
[%clk 1:30:34]} 4... Bf5 {[%clk 1:23:56]} 5. d3 {[%clk 1:29:30]} 5... Qd7 {
[%clk 1:21:01]} 6. Nbd2 {[%clk 1:22:26]} 6... Bh3 {[%clk 1:18:17]} 7. e4 {
[%clk 1:15:01]} 7... Bxg2 {[%clk 1:12:59]} 8. Kxg2 {[%clk 1:15:20]} 8... e5 {
[%clk 1:11:00]} 9. Re1 {[%clk 1:06:05]} 9... O-O-O {[%clk 1:08:05]} 10. Qe2 {
[%clk 1:00:13]} 10... Bc5 {[%clk 1:03:20]} 11. Nb3 {[%clk 0:58:25]} 11... Bb6 {
[%clk 1:02:15]} 12. Be3 {[%clk 0:46:14]} 12... dxe4 {[%clk 0:58:18]} 13. dxe4 {
[%clk 0:45:30]} 13... Rhe8 {[%clk 0:48:33]} 14. Bxb6 {[%clk 0:42:14]} 14...
axb6 {[%clk 0:47:13]} 15. a4 {[%clk 0:35:26]} 15... Nd4 {[%clk 0:44:02]} 16.
Nbxd4 {[%clk 0:32:12]} 16... exd4 {[%clk 0:38:32]} 17. Qd3 {[%clk 0:29:53]}
17... Qg4 {[%clk 0:37:09]} 18. e5 {[%clk 0:19:07]} 18... Nh5 {[%clk 0:30:49]}
19. Re4 {[%clk 0:17:43]} 19... Qe6 {[%clk 0:26:20]} 20. Rh4 {[%clk 0:13:38]}
20... g6 {[%clk 0:26:12]} 21. a5 {[%clk 0:07:44]} 21... bxa5 {[%clk 0:22:04]}
22. Rxa5 {[%clk 0:07:58]} 22... c6 {[%clk 0:21:05]} 23. Qa3 {[%clk 0:06:17]}
23... Kc7 {[%clk 0:16:17]} 24. Ra7 {[%clk 0:06:32]} 24... Rb8 {[%clk 0:15:45]}
25. Qa5+ {[%clk 0:05:37]} 25... Kc8 {[%clk 0:11:04]} 26. Rxd4 {[%clk 0:05:29]}
26... Ng7 {[%clk 0:08:44]} 27. Rd6 {[%clk 0:05:16]} 27... Qc4 {[%clk 0:05:20]}
28. Nd4 {[%clk 0:03:24]} 28... Ne6 {[%clk 0:04:03]} 29. Rxc6+ {[%clk 0:01:13]}
29... bxc6 {[%clk 0:03:46]} 30. Nxe6 {[%clk 0:01:32]} 30... Rb7 {[%clk 0:01:10]
} 31. Ra8+ {[%clk 0:01:31]} 31... Kd7 {[%clk 0:00:59]} 32. Nc5+ {[%clk 0:01:16]
} 32... Ke7 {[%clk 0:01:04]} 33. Rxe8+ {[%clk 0:01:25]} 33... Kxe8 { [%clk
0:01:18]} 34. Qa8+ {[%clk 0:01:43]} 34... Ke7 {[%clk 0:01:29]} 35. Qxb7+ {[%clk
0:02:09]} 35... Kf8 {[%clk 0:01:31]} 36. Qxc6 {[%clk 0:02:09]} 36... Kg8 {[%clk
0:00:46]} 37. e6 {[%clk 0:02:03]} 37... fxe6 {[%clk 0:00:32]} 38. Qxe6+ {[%clk
0:02:26]} 38... Qxe6 {[%clk 0:00:47]} 39. Nxe6 {[%clk 0:02:54]} 1-0

[Event "DEM U14w 2017"]
[Site "Willingen GER"]
[Date "2017.06.08"]
[Round "7"]
[White "Glinzner, Alva"]
[Black "Kunisch, Nina"]
[Result "1-0"]
[Termination "normal"]
[Board "5"]
[WhiteElo "1750"]
[BlackElo "1599"]
[WhiteClock "00:11:19"]
[BlackClock "00:04:31"]
[PlyCount "83"]
[WhiteFideId "16206169"]
[BlackFideId "12982849"]
[EventCountry "GER"]
[EventRounds "9"]
[EventType "swiss"]
[EventDate "2017.06.03"]

1. e4 {[%clk 1:30:59]} 1... c5 {[%clk 1:30:51]} 2. Nf3 {[%clk 1:31:25]} 2... g6
{[%clk 1:31:11]} 3. c3 {[%clk 1:31:30]} 3... Bg7 {[%clk 1:31:14]} 4. d4 { [%clk
1:31:43]} 4... cxd4 {[%clk 1:31:30]} 5. cxd4 {[%clk 1:32:04]} 5... d5 { [%clk
1:30:58]} 6. e5 {[%clk 1:31:30]} 6... Bg4 {[%clk 1:29:47]} 7. Nc3 { [%clk
1:24:53]} 7... Nc6 {[%clk 1:29:10]} 8. Bb5 {[%clk 1:24:14]} 8... Nh6 { [%clk
1:28:19]} 9. h3 {[%clk 1:20:07]} 9... Bxf3 {[%clk 1:27:48]} 10. Qxf3 { [%clk
1:20:30]} 10... e6 {[%clk 1:26:14]} 11. O-O {[%clk 1:12:17]} 11... Nf5 { [%clk
1:25:42]} 12. Be3 {[%clk 1:10:59]} 12... O-O {[%clk 1:25:14]} 13. Bxc6 { [%clk
1:10:43]} 13... bxc6 {[%clk 1:25:28]} 14. Na4 {[%clk 1:09:58]} 14... f6 { [%clk
1:24:23]} 15. Nc5 {[%clk 1:04:10]} 15... Qe7 {[%clk 1:20:24]} 16. exf6 { [%clk
1:01:45]} 16... Bxf6 {[%clk 1:19:25]} 17. Qd1 {[%clk 1:01:38]} 17... Rab8
{[%clk 1:16:07]} 18. Rb1 {[%clk 0:58:40]} 18... e5 {[%clk 0:59:47]} 19. Re1 {
[%clk 0:56:07]} 19... Qd6 {[%clk 0:50:36]} 20. dxe5 20... Bxe5 {[%clk 0:48:31]}
21. Nd3 {[%clk 0:43:20]} 21... Nxe3 {[%clk 0:48:05]} 22. Rxe3 {[%clk 0:43:30]}
22... Bd4 {[%clk 0:46:50]} 23. Rf3 {[%clk 0:41:58]} 23... Rxf3 {[%clk 0:30:17]}
24. Qxf3 {[%clk 0:42:22]} 24... Rf8 {[%clk 0:29:36]} 25. Qg4 {[%clk 0:34:47]}
25... Qf6 {[%clk 0:27:05]} 26. Qe2 {[%clk 0:31:49]} 26... c5 {[%clk 0:23:09]}
27. Rf1 {[%clk 0:26:50]} 27... c4 {[%clk 0:19:29]} 28. Nb4 {[%clk 0:26:30]}
28... Qd6 {[%clk 0:19:25]} 29. a3 {[%clk 0:24:29]} 29... a5 {[%clk 0:19:23]}
30. Na2 {[%clk 0:24:14]} 30... Qe5 {[%clk 0:17:13]} 31. Qd2 {[%clk 0:21:45]}
31... Ra8 {[%clk 0:13:42]} 32. Re1 {[%clk 0:19:33]} 32... Qf6 {[%clk 0:13:49]}
33. Rd1 {[%clk 0:19:14]} 33... Bxf2+ {[%clk 0:10:12]} 34. Qxf2 {[%clk 0:19:27]}
34... Qc6 {[%clk 0:09:15]} 35. Nc3 {[%clk 0:18:17]} 35... Rd8 {[%clk 0:07:52]}
36. Qa7 {[%clk 0:15:14]} 36... Ra8 {[%clk 0:06:32]} 37. Qd4 {[%clk 0:14:13]}
37... Rd8 {[%clk 0:06:54]} 38. Nxd5 {[%clk 0:13:31]} 38... Kf7 {[%clk 0:06:42]}
39. Rf1+ {[%clk 0:12:51]} 39... Ke8 {[%clk 0:04:04]} 40. Qe5+ {[%clk 0:10:52]}
40... Kd7 {[%clk 0:04:18]} 41. Rf7+ {[%clk 0:11:02]} 41... Kc8 {[%clk 0:04:31]}
42. Rc7+ {[%clk 0:11:19]} 1-0

[Event "DEM U14w 2017"]
[Site "Willingen GER"]
[Date "2017.06.08"]
[Round "7"]
[White "Schneider, Katharina"]
[Black "Wagner, Victoria"]
[Result "1-0"]
[Termination "normal"]
[Board "6"]
[WhiteElo "1493"]
[BlackElo "1499"]
[WhiteClock "00:29:44"]
[BlackClock "00:19:02"]
[PlyCount "107"]
[WhiteFideId "16200519"]
[BlackFideId "16232348"]
[EventCountry "GER"]
[EventRounds "9"]
[EventType "swiss"]
[EventDate "2017.06.03"]

1. e4 {[%clk 1:30:58]} 1... c5 {[%clk 1:30:55]} 2. Nf3 {[%clk 1:31:22]} 2... d6
{[%clk 1:31:18]} 3. d4 {[%clk 1:31:46]} 3... cxd4 {[%clk 1:31:40]} 4. Nxd4 {
[%clk 1:32:10]} 4... Nf6 {[%clk 1:32:00]} 5. Nc3 {[%clk 1:32:28]} 5... a6 {
[%clk 1:31:55]} 6. f3 {[%clk 1:32:45]} 6... e6 {[%clk 1:31:59]} 7. Be3 { [%clk
1:26:54]} 7... b5 {[%clk 1:31:31]} 8. a3 {[%clk 1:21:15]} 8... Bb7 { [%clk
1:27:40]} 9. Be2 {[%clk 1:13:14]} 9... Nbd7 {[%clk 1:25:26]} 10. Qd2 { [%clk
1:09:03]} 10... Rc8 {[%clk 1:23:01]} 11. O-O {[%clk 1:08:16]} 11... d5 { [%clk
1:11:42]} 12. exd5 {[%clk 1:05:39]} 12... Nxd5 {[%clk 1:10:45]} 13. Nxd5 {[%clk
1:05:36]} 13... Bxd5 {[%clk 1:09:32]} 14. a4 {[%clk 0:59:19]} 14... Nb6 {[%clk
1:02:01]} 15. axb5 {[%clk 0:54:33]} 15... Nc4 {[%clk 0:58:51]} 16. Bxc4 {[%clk
0:53:40]} 16... Bxc4 {[%clk 0:57:51]} 17. Rfd1 {[%clk 0:51:54]} 17... Bxb5
{[%clk 0:55:16]} 18. Nxb5 {[%clk 0:51:06]} 18... Qxd2 {[%clk 0:53:00]} 19. Nc7+
{[%clk 0:48:14]} 19... Rxc7 {[%clk 0:53:14]} 20. Rxd2 {[%clk 0:48:38]} 20...
Rc6 {[%clk 0:47:28]} 21. Rad1 {[%clk 0:36:56]} 21... Be7 {[%clk 0:46:02]} 22.
c3 {[%clk 0:34:43]} 22... O-O {[%clk 0:43:14]} 23. Rd7 {[%clk 0:32:53]} 23...
Bc5 {[%clk 0:40:33]} 24. Bxc5 {[%clk 0:32:23]} 24... Rxc5 {[%clk 0:40:36] } 25.
Ra7 {[%clk 0:31:09]} 25... a5 {[%clk 0:35:42]} 26. Ra1 {[%clk 0:30:53]} 26...
Rb5 {[%clk 0:35:20]} 27. Ra2 {[%clk 0:31:01]} 27... h6 {[%clk 0:34:00]} 28.
R7xa5 {[%clk 0:31:13]} 28... Rb3 {[%clk 0:33:16]} 29. R5a3 {[%clk 0:30:56]}
29... Rb6 {[%clk 0:32:32]} 30. b4 {[%clk 0:30:46]} 30... Rc8 {[%clk 0:30:41]}
31. Rb3 {[%clk 0:28:34]} 31... Rbc6 {[%clk 0:28:06]} 32. Rc2 {[%clk 0:28:52]}
32... Rc4 {[%clk 0:26:21]} 33. Kf2 {[%clk 0:22:03]} 33... Kf8 {[%clk 0:24:38]}
34. Ke3 {[%clk 0:22:06]} 34... Rd8 {[%clk 0:23:10]} 35. Rd2 {[%clk 0:17:24]}
35... Rdc8 {[%clk 0:20:41]} 36. Kd3 {[%clk 0:16:52]} 36... Ke7 {[%clk 0:19:13]}
37. Kc2 {[%clk 0:16:53]} 37... Ra8 {[%clk 0:17:32]} 38. b5 {[%clk 0:14:15]}
38... Rb8 {[%clk 0:15:46]} 39. Kd3 {[%clk 0:11:58]} 39... Rc5 {[%clk 0:13:29]}
40. Rdb2 {[%clk 0:11:30]} 40... Rb6 {[%clk 0:12:46]} 41. c4 {[%clk 0:11:08]}
41... Kd7 {[%clk 0:09:49]} 42. Ra3 {[%clk 0:09:38]} 42... Kc7 {[%clk 0:01:53]}
43. Ra7+ {[%clk 0:06:50]} 43... Rb7 {[%clk 0:01:58]} 44. b6+ {[%clk 0:05:46]}
44... Kc6 {[%clk 0:01:36]} 45. Rxb7 {[%clk 0:05:54]} 45... Kxb7 {[%clk 0:02:01]
} 46. Kd4 {[%clk 0:06:14]} 46... Rc6 {[%clk 0:01:56]} 47. c5 {[%clk 0:06:03]}
47... Rc8 {[%clk 0:29:34]} 48. Kc4 {[%clk 0:33:34]} 48... Kc6 {[%clk 0:27:01]}
49. Rd2 {[%clk 0:32:31]} 49... Rf8 {[%clk 0:23:58]} 50. Rd6+ {[%clk 0:32:47]}
50... Kb7 {[%clk 0:24:15]} 51. Kb5 {[%clk 0:33:03]} 51... Kb8 {[%clk 0:20:04]}
52. c6 {[%clk 0:31:51]} 52... Rc8 {[%clk 0:19:34]} 53. b7 {[%clk 0:29:42]}
53... Re8 {[%clk 0:19:02]} 54. Kb6 {[%clk 0:29:44]} 1-0

[Event "DEM U14w 2017"]
[Site "Willingen GER"]
[Date "2017.06.08"]
[Round "7"]
[White "Ortlepp, Klaudia"]
[Black "Basovskiy, Jana"]
[Result "1-0"]
[Termination "normal"]
[Board "7"]
[WhiteElo "1631"]
[BlackElo "1741"]
[PlyCount "69"]
[WhiteFideId "16206045"]
[BlackFideId "16208617"]
[EventCountry "GER"]
[EventRounds "9"]
[EventType "swiss"]
[EventDate "2017.06.03"]

1. Nc3 c5 2. d3 e6 3. e4 Nc6 4. f4 a6 5. Nf3 d5 6. g3 Be7 7. Bg2 Nf6 8. e5 Nd7
9. O-O O-O 10. Bh3 b5 11. Kh1 Nb6 12. Rg1 Bb7 13. g4 Qc7 14. Qe1 d4 15. Ne4 c4
16. Qg3 Rfd8 17. g5 Nb4 18. Nf6+ Bxf6 19. gxf6 g6 20. Bg2 Nxc2 21. Qg5 Qc5 22.
Rb1 Nd5 23. Nh4 Rab8 24. f5 exf5 25. Nxf5 Qf8 26. Nd6 cxd3 27. Qh4 Nce3 28. Be4
Ba8 29. Bd2 Rd7 30. Rg5 Qd8 31. Ba5 Qf8 32. Rbg1 Nc7 33. Bxa8 Rxa8 34. Rh5 Rxd6
35. Rxh7 1-0

[Event "DEM U14w 2017"]
[Site "Willingen GER"]
[Date "2017.06.08"]
[Round "7"]
[White "Hoffmann, Vanessa"]
[Black "Schwegler, Jelena"]
[Result "1/2-1/2"]
[Termination "normal"]
[Board "8"]
[WhiteElo "1022"]
[BlackElo "1284"]
[PlyCount "52"]
[WhiteFideId "16244672"]
[BlackFideId "16225481"]
[EventCountry "GER"]
[EventRounds "9"]
[EventType "swiss"]
[EventDate "2017.06.03"]

1. e4 e5 2. Nc3 Nf6 3. g3 d5 4. exd5 Nxd5 5. Bg2 Nxc3 6. bxc3 Nc6 7. Rb1 Bc5 8.
h3 O-O 9. Ne2 Bb6 10. O-O Be6 11. d3 Bxa2 12. Ra1 Be6 13. Bb2 Qd7 14. Kh2 f5
15. f4 Bd5 16. c4 Bxg2 17. Kxg2 e4 18. Nc3 e3 19. Nd5 Rae8 20. Qf3 Nd4 21. Nxb6
axb6 22. Bxd4 Qxd4 23. Qxb7 Re7 24. Rfe1 Rfe8 25. Ra8 Kh8 26. Qc6 Rd8 1/2-1/2

[Event "DEM U14w 2017"]
[Site "Willingen GER"]
[Date "2017.06.08"]
[Round "7"]
[White "Abele, Anais"]
[Black "Ruhmke, Rebecca"]
[Result "1/2-1/2"]
[Termination "normal"]
[Board "9"]
[WhiteElo "1628"]
[BlackElo "1127"]
[PlyCount "80"]
[WhiteFideId "16208927"]
[BlackFideId "16235991"]
[EventCountry "GER"]
[EventRounds "9"]
[EventType "swiss"]
[EventDate "2017.06.03"]

1. e4 d5 2. exd5 Nf6 3. d4 Nxd5 4. Nf3 Nc6 5. c4 Nb6 6. Nc3 Bg4 7. c5 Nd5 8.
Bc4 e6 9. Be3 Be7 10. O-O O-O 11. h3 Bf5 12. a3 Nxe3 13. fxe3 Bg5 14. Qe1 Re8
15. Bb3 e5 16. d5 Na5 17. Ba2 e4 18. Nxg5 Qxg5 19. Qf2 Bxh3 20. b4 f6 21. Kh2
Bxg2 22. Qxg2 Qe5+ 23. Qg3 Qxc3 24. bxa5 Qxc5 25. d6+ Kf8 26. dxc7 Rac8 27.
Rfc1 Qxa3 28. Rg1 g6 29. Qf4 f5 30. Qh6+ Ke7 31. Qxh7+ Kd6 32. Qxg6+ Kxc7 33.
Rgc1+ Kb8 34. Qg3+ Ka8 35. Rxc8+ Rxc8 36. Qe1 Qd6+ 37. Kg1 Rc2 38. Qh4 a6 39.
Qh8+ Qb8 40. Qxb8+ Kxb8 1/2-1/2

[Event "DEM U14w 2017"]
[Site "Willingen GER"]
[Date "2017.06.08"]
[Round "7"]
[White "Jacoby, Angelina"]
[Black "Bohrer, Katharina"]
[Result "0-1"]
[Termination "time forfeit"]
[Board "10"]
[WhiteElo "1244"]
[BlackElo "1176"]
[PlyCount "78"]
[WhiteFideId "12999008"]
[BlackFideId "16225457"]
[EventCountry "GER"]
[EventRounds "9"]
[EventType "swiss"]
[EventDate "2017.06.03"]

1. d4 d6 2. Nf3 Nf6 3. e3 g6 4. Bd3 Bg7 5. c3 O-O 6. Qe2 Nc6 7. O-O e5 8. dxe5
dxe5 9. e4 Qe7 10. h3 Rd8 11. Be3 Be6 12. Rd1 Rd7 13. Nbd2 Rad8 14. Bc4 Bxc4
15. Qxc4 a6 16. Ne1 Kh8 17. Qe2 Qe6 18. f3 Nh5 19. Kh2 f5 20. Nb3 Rxd1 21. Rxd1
Rxd1 22. Qxd1 b6 23. Qd3 a5 24. Nc2 Qf7 25. g4 fxg4 26. fxg4 Nf4 27. Bxf4 exf4
28. Ne1 g5 29. Nf3 h6 30. Kg2 Qf6 31. Qd7 Kh7 32. Qf5+ Qxf5 33. exf5 Ne5 34.
Nxe5 Bxe5 35. Nd2 Kg7 36. Nf3 Bd6 37. Nd4 Kf6 38. Kf3 Ke5 39. Ne6 c5 0-1

[Event "DEM U14w 2017"]
[Site "Willingen GER"]
[Date "2017.06.08"]
[Round "7"]
[White "Zell, Hannah"]
[Black "Sinnhöfer, Lilian"]
[Result "1/2-1/2"]
[Termination "normal"]
[Board "11"]
[WhiteElo "1489"]
[BlackElo "1477"]
[PlyCount "79"]
[WhiteFideId "16208900"]
[BlackFideId "12977586"]
[EventCountry "GER"]
[EventRounds "9"]
[EventType "swiss"]
[EventDate "2017.06.03"]

1. e4 e5 2. Nf3 Nc6 3. Bb5 f5 4. d3 Nf6 5. O-O d6 6. Re1 Be7 7. Bc4 Na5 8. Bb3
Nxb3 9. axb3 fxe4 10. dxe4 O-O 11. h3 Qe8 12. Nc3 Qg6 13. Nh4 Qf7 14. Nf3 c6
15. Be3 a6 16. Kh2 h6 17. Qe2 Nh5 18. Rad1 Bxh3 19. Nxe5 dxe5 20. gxh3 Nf4 21.
Qf3 Bg5 22. Bxf4 Qxf4+ 23. Qxf4 Rxf4 24. Kg2 Raf8 25. Rf1 Bh4 26. f3 R4f6 27.
Ne2 Bg5 28. Rd7 R6f7 29. Rd6 Re8 30. Ng3 Rf6 31. Rd7 Rf7 32. Rd6 Rd8 33. Rxd8+
Bxd8 34. Rd1 Bc7 35. Nf5 Kh7 36. Kf2 g6 37. Ne3 Bb6 38. Ke2 h5 39. Nc4 Bc7 40.
Nd6 1/2-1/2

[Event "DEM U14w 2017"]
[Site "Willingen GER"]
[Date "2017.06.08"]
[Round "7"]
[White "Albert, Eske"]
[Black "Jung, Karina"]
[Result "0-1"]
[Termination "normal"]
[Board "12"]
[WhiteElo "1415"]
[BlackElo "1614"]
[PlyCount "116"]
[WhiteFideId "12991813"]
[BlackFideId "16222865"]
[EventCountry "GER"]
[EventRounds "9"]
[EventType "swiss"]
[EventDate "2017.06.03"]

1. e4 e5 2. Nf3 Nc6 3. d4 exd4 4. Nxd4 Bc5 5. Nb3 Bb6 6. Nc3 Nf6 7. Bg5 d6 8.
Nd5 Bxf2+ 9. Kxf2 Nxe4+ 10. Kg1 Nxg5 11. Bd3 O-O 12. h4 Ne6 13. Qe2 Ne5 14. Be4
c6 15. Nc3 Qb6+ 16. Kf1 d5 17. Bxh7+ Kxh7 18. Qxe5 Qc7 19. Qxc7 Nxc7 20. Kf2 b6
21. Nd4 c5 22. Nf3 Bf5 23. Rae1 Bxc2 24. Ng5+ Kg8 25. Re7 Rac8 26. h5 Ne6 27.
Nxe6 fxe6+ 28. Ke2 d4 29. Kd2 Rf2+ 30. Kc1 dxc3 31. bxc3 Rcf8 32. Rxe6 Bf5 33.
Ree1 Rxg2 34. a3 Rg3 35. Kb2 Bg4 36. Rh2 Rff3 37. Rc1 Rh3 38. Rxh3 Rxh3 39. h6
Rxh6 40. Re1 Re6 41. Rg1 Re2+ 42. Kc1 Bf3 43. Rg3 Rf2 44. Rg1 Kf7 45. Re1 g5
46. Rg1 g4 47. Rg3 Rg2 48. Rxg2 Bxg2 49. Kd2 Ke6 50. c4 Ke5 51. Ke3 Bf1 52. Kf2
Bxc4 53. Kg3 Be2 54. a4 c4 55. Kf2 Bf3 56. Ke1 g3 57. Kf1 g2+ 58. Kf2 c3 0-1

[Event "DEM U14w 2017"]
[Site "Willingen GER"]
[Date "2017.06.08"]
[Round "7"]
[White "Fuchs, Emily"]
[Black "Wucherer, Sophie"]
[Result "1-0"]
[Termination "normal"]
[Board "13"]
[WhiteElo "1225"]
[BlackElo "1229"]
[PlyCount "93"]
[WhiteFideId "16208986"]
[BlackFideId "16225473"]
[EventCountry "GER"]
[EventRounds "9"]
[EventType "swiss"]
[EventDate "2017.06.03"]

1. e4 e6 2. d4 d5 3. exd5 exd5 4. Bd3 Nf6 5. Nf3 Bg4 6. Bf4 Be7 7. Nbd2 Nc6 8.
c3 Qd7 9. b4 a6 10. a4 Na7 11. Qb3 O-O 12. O-O Rfe8 13. Ne5 Qd8 14. Bg5 Be6 15.
Bxf6 Bxf6 16. f4 Re7 17. Ndf3 Nc8 18. f5 Bd7 19. Qxd5 c6 20. Qb3 Be8 21. Ng4
Rc7 22. Rae1 Nd6 23. Nxf6+ Qxf6 24. Ne5 b5 25. c4 Rd8 26. c5 Nb7 27. axb5 axb5
28. Rf4 Rd5 29. Bxb5 Kf8 30. Rfe4 Re7 31. Bc4 Rd8 32. d5 h6 33. d6 Nxd6 34.
cxd6 Rxd6 35. Qe3 Qxf5 36. Ng6+ Qxg6 37. Rxe7 Kg8 38. Rxe8+ Kh7 39. Qe4 f5 40.
Bg8+ Kh8 41. Bf7+ Kh7 42. Bxg6+ Kxg6 43. Qf4 Rf6 44. R1e6 Rxe6 45. Rxe6+ Kh5
46. Qxf5+ Kh4 47. g3# 1-0